Statistics for 日本の連節バスの走る市町村

Click here to take the quiz!

General Stats

  • This quiz has been taken 85 times
    (80 since last reset)
  • The average score is 18 of 24

Answer Stats

Answer% Correct
横浜市
96%
川崎市
96%
新潟市
94%
岐阜市
94%
福岡市
91%
八王子市
87%
神戸市
86%
四日市市
81%
千葉市
81%
四日市市
81%
相模原市
80%
北九州市
78%
港区
75%
町田市
70%
町田市
70%
中央区
68%
伊勢市
67%
藤沢市
64%
厚木市
62%
草津市
59%
泉佐野市
54%
三田市
51%
日野市
48%
精華町
22%

Score Distribution

Percentile by Number Answered

Percent of People with Each Score

Your Score History

You have not taken this quiz since the last reset